BHARAT MEIN BAUDDH DHARM (Record no. 32486)
[ view plain ]
| 000 -LEADER | |
|---|---|
| fixed length control field | 00318nam a2200133Ia 4500 |
| 008 - FIXED-LENGTH DATA ELEMENTS--GENERAL INFORMATION | |
| fixed length control field | 240624s9999 xx 000 0 und d |
| 041 ## - LANGUAGE CODE | |
| Language code of text/sound track or separate title | eng |
| 082 ## - DEWEY DECIMAL CLASSIFICATION NUMBER | |
| Classification number | 891.43 Omv |
| 100 ## - MAIN ENTRY--PERSONAL NAME | |
| Personal name | OMVEDT GEL |
| 245 ## - TITLE STATEMENT | |
| Title | BHARAT MEIN BAUDDH DHARM |
| 260 ## - PUBLICATION, DISTRIBUTION, ETC. | |
| Date of publication, distribution, etc. | 2020 |
| Place of publication, distribution, etc. | New Delhi |
| Name of publisher, distributor, etc. | Sage India |
| 300 ## - PHYSICAL DESCRIPTION | |
| Extent | 302 P. ; 20 cm |
| 365 ## - TRADE PRICE | |
| Currency code | RS |
| Withdrawn status | Lost status | Damaged status | Not for loan | Home library | Current library | Shelving location | Date acquired | Cost, normal purchase price | Total Checkouts | Full call number | Barcode | Date last seen | Date last checked out | Price effective from | Koha item type |
|---|---|---|---|---|---|---|---|---|---|---|---|---|---|---|---|
| IMTN | IMTN | Rack 43-A | 01/12/2021 | 329.00 | 1 | 891.43 Omv | 32486 | 04/25/2025 | 04/16/2025 | 06/24/2024 | Books |